Текст томруулах:    
Still missing (Бичлэгийн дугаар. 145198)
000 -УДИРДЛАГА
Удирдлага 01128nam a22003737a 4500
003 - ХЯНАЛТЫН ТОО ТОДОРХОЙЛОГЧ
Код MN-UlNUM
005 - БИЧИЛТ ХИЙСЭН ОГНОО
Тухайн бичилтийг бичсэн засварласан сүүлийн огноо 20251103110710.0
008 - ЕРӨНХИЙ МЭДЭЭЛЭЛ
Ерөнхий мэдээлэл 241009s1993 nyua b 001 0beng
020 ## - ISBN
ISBN 0393035514
040 ## - БИЧЛЭГ ҮҮСГЭГЧ БАЙГУУЛЛАГА
Бичлэг үүсгэгч номын сангийн код МУИС-ийн номын сан
084 ## - ББК АНГИЛАЛ
Нэмэлт тусгалт Нэг сэдэвт бүтээл
ББК ангилал 39.5
Зохиогчийн гурван тэмдэгт W 55
Мэдлэгийн ялгаа 3 - Техник
100 1# - ЗОХИОГЧ
Зохиогчийн нэр Ware, Susan
Зохиогчийн огноо 1950-
245 10 - ҮНДСЭН ГАРЧИГ
Номын нэр Still missing
Бага гарчгийн мэдээ Amelia Earhart and the search for modern feminism
Оролцогчдын тухай мэдээ Susan Ware
260 ## - ГАРАЛТЫН МЭДЭЭ
Хэвлэгдсэн газар New York :
Хэвлэлийн газар W.W. Norton
Хэвлэгдсэн он c1993
300 ## - МАТЕРИАЛЫН ТОДОРХОЙЛОЛТ
хуудасны тоо 304 p. :
Бусад тоон мэдээлэл ill. ;
Хэмжээ 22 cm
500 ## - Тайлбар
Дансны дугаар БС 5627
546 ## - ХЭЛНИЙ ТУХАЙ МЭДЭЭ
Хэл Англи хэл дээр,
653 ## - Түлхүүр үг
Түлхүүр үг United States
653 ## - Түлхүүр үг
Түлхүүр үг women air pilots
653 ## - Түлхүүр үг
Түлхүүр үг biography
653 ## - Түлхүүр үг
Түлхүүр үг feminism
740 ## - НОМЫН ГАРЧИГ
Гарчиг Lady lindy
740 ## - НОМЫН ГАРЧИГ
Гарчиг A modern woman makes history
740 ## - НОМЫН ГАРЧИГ
Гарчиг Gender and aviation
740 ## - НОМЫН ГАРЧИГ
Гарчиг It's hard work being a popular heroine
740 ## - НОМЫН ГАРЧИГ
Гарчиг Feminism and individualism
740 ## - НОМЫН ГАРЧИГ
Гарчиг Iconography and representation
740 ## - НОМЫН ГАРЧИГ
Гарчиг Popular heroine / Popular culture
740 ## - НОМЫН ГАРЧИГ
Гарчиг The last flight
740 ## - НОМЫН ГАРЧИГ
Гарчиг Where did they all go?
942 ## - ЭЛЕМЕНТИЙН ТӨРӨЛ
Зүйлийн төрөл Ном